000 00445nam a22001457a 4500
003 OSt
005 20250311124224.0
008 250311b |||||||| |||| 00| 0 eng d
040 _cMRSPTU
100 _aBhangu, Gurpinder Singh ( ਭੰਗੂ, ਗੁਰਪਿੰਦਰ ਸਿੰਘ )
245 _aKuj Sah Adoore Ne ( ਕੁਝ ਸਾਹ ਅਧੂਰੇ ਨੇ )
260 _aBathinda
_bCafe World
_c2024
300 _a107
942 _2ddc
_cBK
_n0
999 _c10492
_d10492